Saltar ao contenido

Английский язык для инженеров компьютерных сетей. Профессиональный курс / English for Network Students. Professional Course

Данное учебное пособие предназначено для изучения английского языка в об-ласти сетевых технологий. Представленный материал содержит оригинальные тексты профессиональной направленности и учебные задания, способствующие усвоению и запоминанию специальной лексики из области сетевых технологий; задания...

Descrición completa

Gardado en:
Detalles Bibliográficos
Autor Principal: Беседина Н. А.
Outros autores: Белоусов В. Ю.
Formato: Книга
Idioma:Russian
Publicado: Санкт-Петербург Лань 2022
Edición:7-е изд., стер.
Темы:
Acceso en liña:https://e.lanbook.com/book/183621
https://e.lanbook.com/img/cover/book/183621.jpg
Метки: Engadir etiqueta
Sen Etiquetas, Sexa o primeiro en etiquetar este rexistro!
LEADER 03172nam0a2200337 i 4500
001 183621
003 RuSpLAN
005 20221220174136.0
008 221220s2022 ru gs 000 0 rus
020 |a 978-5-8114-9010-3 
040 |a RuSpLAN 
041 0 |a rus 
044 |a ru 
080 |a 81.2 923я73 
084 |a 811.111  |2 rubbk 
245 0 0 |a Английский язык для инженеров компьютерных сетей. Профессиональный курс / English for Network Students. Professional Course  |c Беседина Н. А.,Белоусов В. Ю. 
250 |a 7-е изд., стер. 
260 |a Санкт-Петербург  |b Лань  |c 2022 
300 |a 348 с. 
504 |a Библиогр.: доступна в карточке книги, на сайте ЭБС Лань 
520 8 |a Данное учебное пособие предназначено для изучения английского языка в об-ласти сетевых технологий. Представленный материал содержит оригинальные тексты профессиональной направленности и учебные задания, способствующие усвоению и запоминанию специальной лексики из области сетевых технологий; задания для развития навыков чтения, свертывания информации при составле-нии рефератов на английском языке, а также формирования коммуникативных компетенций в условиях профессионального общения. Пособие рассчитано на студентов, обучающихся по специальности 210406.65 «Сети связи и системы коммутации» и направлению подготовки бака-лавриата 210700.62 «Инфокоммуникационные технологии и системы связи», а также всех тех, кто изучает структуру и функционирование локальных вычисли-тельных сетей и глобальной сети Интернет и заинтересован в совершенствовании английского языка в указанной области. Пособие может быть использовано для организации самостоятельной работы студентов. 
521 8 |a Книга из коллекции Лань - Инженерно-технические науки 
653 0 |a английский язык 
653 0 |a иностранный язык 
653 0 |a английский язык для инженеров 
653 0 |a english 
100 1 |a Беседина Н. А. 
700 1 |a Белоусов В. Ю. 
856 4 |u https://e.lanbook.com/book/183621 
856 4 8 |u https://e.lanbook.com/img/cover/book/183621.jpg 
953 |a https://e.lanbook.com/img/cover/book/183621.jpg